00678nam a2200193 a 450000100100000000500170001000800410002704000250006808200150009310000340010824500430014226000450018530000380023049000350026883000420030304900090034595201130035499900170046700002815120200930031407.0110407s1985 dr ac 000 0 spa d aDO-SdBNPbspacBNPHU axxxbC679n1 aCoiscou Weber, Rodolfo91973910a"Los nuevos" /cRodolfo Coiscou Weber. aSanto Domingo :bLibros y Textos,c1985. a[48 p.] :bil. ; retrs. ;c16 cm.1 aAntología de nuestra vozv14 0aAntología de nuestra vozn14955152 aBNPD 0010718PDaPDbPDcCTd2011-04-07iLF1l0oxxx C679np28151-10r2020-06-25w2020-06-25yLFPDZNo se presta c27643d27643